000 00535nam a2200193Ia 4500
001 21413
003 GE_BSU
008 181216s||||||||xx |||||||||||||| ||und||
040 _cGE_BSU
080 _aპერიოდიკა
245 4 _aThe Economist, September 30th-October 6th. Number 9060. 2017
260 _aParis
260 _c2017
300 _a82 p. 27cm.
653 _aThe Economist, September 30th-October 6th. Number 9060. 2017
653 _aПериодика
653 _aპერიოდიკა
942 _cCR
999 _c54357
_d54357